000 00926cam a2200313 i 4500
001 6978
003 KOSZ 005
005 20220719131233.0
008 970707s1996 pl f |000 0 pol
020 _a8386143509
040 _cKOSZ 005
_aKOSZ 005
_dKOSZ 005/HR
046 _k1996
080 _a395
080 _a331-057.17
100 1 _aPietkiewicz, Edward
_d(1909-1998)
_eAutor
245 1 0 _aNowoczesny menedżer /
_cEdward Pietkiewicz.
260 _aWarszawa :
_b"Infor",
_c1996.
300 _a157, [1] s. :
_brys. ;
_c21 cm.
380 _aKsiążki
388 _a1901-2000
388 _a1989-2000
650 4 _aMenedżerowie
650 4 _aKultura pracy
650 4 _aObyczaje towarzyskie
655 4 _aPoradnik
710 _aInfor PL
856 _uhttp://koha.tu.koszalin.pl/cgi-bin/koha/opac-detail.pl?biblionumber=6978
_yKatalog online BPK
942 _cKS
_2UKD
999 _c6978
_d6978